PakistanΓÇÖs Foreign Policy,1947-2005 (Record no. 563853)

000 -LEADER
fixed length control field 00307nam a2200109Ia 4500
008 - FIXED-LENGTH DATA ELEMENTS--GENERAL INFORMATION
fixed length control field 210430s9999 xx 000 0 und d
020 ## - INTERNATIONAL STANDARD BOOK NUMBER
International Standard Book Number 9780195471670
082 ## - DEWEY DECIMAL CLASSIFICATION NUMBER
Classification number 327.5491 S2531 P
100 ## - MAIN ENTRY--PERSONAL NAME
Personal name Abdul Sattar
9 (RLIN) 53683
245 ## - TITLE STATEMENT
Title PakistanΓÇÖs Foreign Policy,1947-2005
Statement of responsibility, etc. Abdul Sattar
942 ## - ADDED ENTRY ELEMENTS (KOHA)
Koha item type Book
Source of classification or shelving scheme
Holdings
Withdrawn status Lost status Damaged status Not for loan Collection code Permanent Location Current Location Shelving location Date acquired Total Checkouts Full call number Barcode Date last seen Price effective from Koha item type
          School of Chemical & Materials Engineering (SCME) School of Chemical & Materials Engineering (SCME) General Stacks 05/11/9   327.5491 S2531 P SCME-3022 04/30/2021 04/30/2021 Book
© 2023 Central Library, National University of Sciences and Technology. All Rights Reserved.